000 00855nam a2200253Ia 4500
003 OSt
005 20220923220334.0
006 a|||||r|||| 00| 0
007 ta
008 220922b |||||||| |||| 00| 0 hin d
024 _a186,036
037 _cTextual
040 _aARTS
_cARTS
_bhin
041 _2hin
_ahin
082 _aY48:425.2'N, 152M4
100 _aवर्मा, रघुवीर शरण
245 0 _aभ्रष्टाचार की चुनौती
246 _aBhraṣhṭāchār kī chunautī
260 _aदिल्ली
_b जगत राम एण्ड संस
_c1984
300 _a142 पृ.
_ccm.
650 _aभारतीय-लोक साहित्य
942 _hY48:425.2'N, 152M4
_cTEXL
_2CC
999 _c339281
_d339281